[Event "Niedersachsen-ch Seniors op 14th"]
[Site "Bad Bevensen"]
[Date "2011.07.12"]
[Round "8"]
[White "Zoeller, Henning"]
[Black "Brockmeyer, Helga"]
[Result "1-0"]
[WhiteElo "1300"]
[BlackElo "1173"]
[PlyCount "79"]
[EventDate "2011.07.05"]
[EventType "swiss"]
[EventRounds "9"]
[EventCountry "GER"]
[SourceTitle "EXT 2012"]
[Source "ChessBase"]
[SourceDate "2011.11.24"]
[SourceVersion "1"]
[SourceVersionDate "2011.11.24"]
[SourceQuality "1"]

1. e4 d6 2. d4 Nf6 3. Nc3 e5 4. dxe5 dxe5 5. Qxd8+ Kxd8 6. Bc4 Be6 7. Bxe6 fxe6 8. Bg5 Bb4 9. 0-0-0+ Ke7 10. Nb5 Na6 11. Nf3 h6 12. Bh4 g5 13. Bg3 Rhe8 14. c3 Bc5 15. Rhe1 Ng4 16. Re2 Kf6 17. h3 c6 18. Nd6 Bxd6 19. Rxd6 Red8 20. Rxd8 Rxd8 21. hxg4 Nc5 22. Bxe5+ Kg6 23. Bd4 Nd3+ 24. Kc2 Nf4 25. Rd2 Nxg2 26. Ne5+ Kh7 27. Bxa7 Rxd2+ 28. Kxd2 Nf4 29. Ke3 Ng2+ 30. Kd4 Nf4 31. Kc5 Nh3 32. Kd6 Nf4 33. Kc7 h5 34. gxh5 Nxh5 35. Kxb7 Nf6 36. f3 Kh6 37. Ng4+ Kg6 38. Nxf6 Kxf6 39. Bb8 e5 40. a4 1-0

[Event "Niedersachsen-ch Seniors op 14th"]
[Site "Bad Bevensen"]
[Date "2011.07.05"]
[Round "1"]
[White "Brockmeyer, Helga"]
[Black "Segelken, Peter"]
[Result "0-1"]
[WhiteElo "1173"]
[BlackElo "1735"]
[PlyCount "64"]
[EventDate "2011.07.05"]
[EventType "swiss"]
[EventRounds "9"]
[EventCountry "GER"]
[SourceTitle "EXT 2012"]
[Source "ChessBase"]
[SourceDate "2011.11.24"]
[SourceVersion "1"]
[SourceVersionDate "2011.11.24"]
[SourceQuality "1"]

1. d4 d5 2. e3 Nf6 3. c4 c6 4. h3 g6 5. Nf3 Bg7 6. Nc3 0-0 7. Be2 b6 8. 0-0 Nbd7 9. Qa4 Bb7 10. Bd3 a5 11. Qc2 c5 12. a4 dxc4 13. Bxc4 Bxf3 14. gxf3 cxd4 15. exd4 Nh5 16. Qe4 Ndf6 17. Qe3 Rc8 18. Bxf7+ Rxf7 19. Kg2 Qd7 20. Rh1 Rcf8 21. Ne2 Nd5 22. Qb3 Kh8 23. Ng1 Bxd4 24. Bh6 Bg7 25. Bxg7+ Kxg7 26. h4 Ndf4+ 27. Kh2 Qd6 28. Qc3+ Kg8 29. Qb3 Qf6 30. Nh3 Qxh4 31. Qxb6 Qxh3+ 32. Kg1 Ne2# 0-1

[Event "Niedersachsen-ch Seniors op 13th"]
[Site "Bad Bevensen"]
[Date "2010.07.08"]
[Round "3"]
[White "Maczollek, Helmut"]
[Black "Brockmeyer, Helga"]
[Result "1-0"]
[WhiteElo "1387"]
[BlackElo "1198"]
[PlyCount "117"]
[EventDate "2010.07.06"]
[EventType "swiss"]
[EventRounds "9"]
[EventCountry "GER"]
[SourceTitle "EXT 2012"]
[Source "ChessBase"]
[SourceDate "2011.11.24"]
[SourceVersion "1"]
[SourceVersionDate "2011.11.24"]
[SourceQuality "1"]

1. d4 d6 2. Nf3 Bg4 3. e3 g6 4. Nbd2 Bg7 5. Be2 Bxf3 6. Nxf3 e6 7. c3 Nd7 8. 0-0 Ngf6 9. Qc2 d5 10. Bd3 Qe7 11. Re1 c5 12. b3 a6 13. e4 h6 14. Bb2 0-0 15. e5 Nh7 16. c4 Nb6 17. dxc5 Qxc5 18. Bd4 Qc7 19. Qb2 dxc4 20. Bxb6 Qxb6 21. Bxc4 Rad8 22. Rad1 Rc8 23. Qe2 Qc7 24. h3 b5 25. Bd3 f5 26. exf6 Rxf6 27. Ne5 Nf8 28. Qe3 Kh7 29. h4 h5 30. Rc1 Qb8 31. Rxc8 Qxc8 32. Qe2 Kg8 33. Qe4 Rf5 34. Nc6 Bf6 35. Nd4 Re5 36. Qxe5 Bxe5 37. Rxe5 Qc1+ 38. Bf1 Qf4 39. Nf3 Qf6 40. Rc5 Qe7 41. Rc6 Qa3 42. Rc8 Qxa2 43. Ne5 Qb1 44. Nd7 Qf5 45. Rxf8+ Qxf8 46. Nxf8 Kxf8 47. Bd3 Kf7 48. Kf1 Kf6 49. Ke2 g5 50. g3 e5 51. Be4 b4 52. Kd3 a5 53. Kc4 gxh4 54. gxh4 Ke6 55. Kc5 a4 56. Kxb4 axb3 57. Kxb3 Kd6 58. Kc4 Ke6 59. Kc5 1-0

[Event "Niedersachsen-ch Seniors op 13th"]
[Site "Bad Bevensen"]
[Date "2010.07.06"]
[Round "1"]
[White "Mewes, Hans Dieter"]
[Black "Brockmeyer, Helga"]
[Result "1-0"]
[WhiteElo "1676"]
[BlackElo "1198"]
[PlyCount "63"]
[EventDate "2010.07.06"]
[EventType "swiss"]
[EventRounds "9"]
[EventCountry "GER"]
[SourceTitle "EXT 2012"]
[Source "ChessBase"]
[SourceDate "2011.11.24"]
[SourceVersion "1"]
[SourceVersionDate "2011.11.24"]
[SourceQuality "1"]

1. d4 d5 2. c4 c6 3. Nc3 h6 4. Nf3 Nf6 5. e3 Bg4 6. Qb3 Bxf3 7. gxf3 Qd7 8. cxd5 Nxd5 9. e4 Nxc3 10. bxc3 e6 11. Bf4 Be7 12. h4 0-0 13. h5 Qc8 14. Bh3 Kh8 15. 0-0 Nd7 16. e5 Nb6 17. c4 c5 18. d5 f5 19. d6 Bh4 20. Bg3 Qd8 21. f4 Rf7 22. Rac1 Rd7 23. Kh2 Kh7 24. Rg1 g5 25. hxg6+ Kxg6 26. Bxh4+ Kh7 27. Bxd8 Raxd8 28. a4 Rg7 29. a5 Nc8 30. Rxg7+ Kxg7 31. Qxb7+ Kf8 32. Rg1 1-0

[Event "Niedersachsen-ch Seniors op 11th"]
[Site "Bad Bevensen"]
[Date "2008.07.13"]
[Round "6"]
[White "Maczollek, Helmut"]
[Black "Brockmeyer, Helga"]
[Result "0-1"]
[WhiteElo "1371"]
[BlackElo "1242"]
[PlyCount "92"]
[EventDate "2008.07.08"]
[EventType "swiss"]
[EventRounds "9"]
[EventCountry "GER"]
[SourceTitle "EXT 2022"]
[Source "ChessBase"]
[SourceDate "2021.10.06"]
[SourceVersion "1"]
[SourceVersionDate "2021.10.06"]
[SourceQuality "1"]

1. d4 d5 2. Nf3 Nf6 3. e3 Bg4 4. Nbd2 a6 5. Be2 Nbd7 6. h3 Bh5 7. c4 c6 8. 0-0 h6 9. b3 Qc7 10. Qc2 e5 11. dxe5 Nxe5 12. Bb2 Bd6 13. Qd1 0-0 14. Rc1 Bg6 15. cxd5 Nxd5 16. Nc4 Nxc4 17. Bxc4 Be4 18. Qd4 Nf6 19. Qd1 Rad8 20. Qe2 Qa5 21. Bc3 Qh5 22. Nd2 Qxe2 23. Bxe2 Bd5 24. Bf3 Be6 25. Rfe1 Nh7 26. Ne4 Ba3 27. Rcd1 Rxd1 28. Rxd1 Bd5 29. Nd2 Rd8 30. Ba5 Rf8 31. Nb1 Be7 32. Bxd5 cxd5 33. Rxd5 b5 34. Rd7 Re8 35. Nc3 Nf6 36. Rd1 b4 37. Ne2 Rc8 38. Rd2 Ne4 39. Rd7 Bh4 40. g3 Bf6 41. Bxb4 Rc2 42. f3 Ng5 43. Kf1 Nxf3 44. Kf2 Ne5 45. Bc3 Nxd7 46. Bxf6 Nxf6 0-1

[Event "GER-ch Seniors Gp-B 19th"]
[Site "Templin"]
[Date "2007.08.30"]
[Round "8"]
[White "Wirth, Helmut"]
[Black "Brockmeyer, Helga"]
[Result "1-0"]
[WhiteElo "1394"]
[BlackElo "1246"]
[PlyCount "79"]
[EventDate "2007.08.23"]
[EventType "swiss"]
[EventRounds "9"]
[EventCountry "GER"]
[SourceTitle "EXT 2022"]
[Source "ChessBase"]
[SourceDate "2021.10.06"]
[SourceVersion "1"]
[SourceVersionDate "2021.10.06"]
[SourceQuality "1"]

1. e4 e5 2. Nf3 Nc6 3. Bb5 Nd4 4. Nxd4 exd4 5. c3 a6 6. Bc4 dxc3 7. Nxc3 c6 8. 0-0 g6 9. d4 Bg7 10. Re1 d6 11. Bf4 b5 12. Bb3 h6 13. e5 d5 14. Qf3 Be6 15. Bc2 Ne7 16. h3 Nf5 17. Bxf5 Bxf5 18. b4 Be6 19. a4 0-0 20. Ne2 Qe7 21. Qc3 Qd7 22. Nc1 Rfe8 23. Nd3 Bf8 24. a5 Bf5 25. Nc5 Bxc5 26. Qxc5 g5 27. Bg3 Re6 28. Rac1 Qc8 29. Re3 Kg7 30. Qc3 h5 31. Qd2 h4 32. Bh2 g4 33. Rec3 Kg6 34. hxg4 Bxg4 35. Qf4 f5 36. f3 Bh3 37. Qxh4 Bxg2 38. Kxg2 f4 39. Bxf4 Qe8 40. Rh1 1-0

[Event "GER-ch Seniors Gp-B 19th"]
[Site "Templin"]
[Date "2007.08.27"]
[Round "5"]
[White "Brockmeyer, Helga"]
[Black "Luebbers, Doris"]
[Result "0-1"]
[WhiteElo "1246"]
[BlackElo "1382"]
[PlyCount "71"]
[EventDate "2007.08.23"]
[EventType "swiss"]
[EventRounds "9"]
[EventCountry "GER"]
[SourceTitle "EXT 2022"]
[Source "ChessBase"]
[SourceDate "2021.10.06"]
[SourceVersion "1"]
[SourceVersionDate "2021.10.06"]
[SourceQuality "1"]

1. d4 d5 2. f4 Nf6 3. e3 g6 4. h3 Bg7 5. Bd3 Ne4 6. Qe2 Ng3 7. Qf3 Nxh1 8. Nc3 e6 9. g3 Nxg3 10. Qxg3 Nd7 11. Bd2 f5 12. h4 Nf6 13. Nf3 Nh5 14. Qg2 c6 15. Be2 Nf6 16. Ne5 Ne4 17. h5 Qh4+ 18. Kd1 Bxe5 19. Nxe4 dxe4 20. dxe5 Bd7 21. Bb4 0-0-0 22. Be7 Qxe7 23. Ke1 Qh4+ 24. Kf1 Rdg8 25. Qg5 Qxg5 26. fxg5 gxh5 27. Bxh5 Rxg5 28. Bf7 h5 29. Kf2 Rh7 30. Rg1 Rxg1 31. Kxg1 Rxf7 32. c4 c5 33. a3 Ba4 34. Kg2 Bd1 35. Kg3 Rh7 36. Kh4 0-1

[Event "GER-ch Seniors Gp-B 19th"]
[Site "Templin"]
[Date "2007.08.24"]
[Round "2"]
[White "Brockmeyer, Helga"]
[Black "Narr, Irmgard"]
[Result "0-1"]
[WhiteElo "1246"]
[BlackElo "1509"]
[PlyCount "50"]
[EventDate "2007.08.23"]
[EventType "swiss"]
[EventRounds "9"]
[EventCountry "GER"]
[SourceTitle "EXT 2022"]
[Source "ChessBase"]
[SourceDate "2021.10.06"]
[SourceVersion "1"]
[SourceVersionDate "2021.10.06"]
[SourceQuality "1"]

1. d4 Nf6 2. f4 e6 3. e3 b6 4. Nf3 Bb7 5. Nbd2 Ng4 6. Nc4 Nc6 7. a3 Be7 8. g3 a6 9. Bh3 Nf6 10. 0-0 b5 11. Nce5 d6 12. Nxf7 Kxf7 13. Ng5+ Ke8 14. Nxe6 Qb8 15. Nxg7+ Kf7 16. Nf5 Rg8 17. c3 Rg6 18. Qb3+ Kf8 19. Nh4 Rg7 20. Nf5 Rg6 21. Nh4 Rg7 22. Bf5 Qe8 23. Be6 Na5 24. Qc2 Qc6 25. Rf2 Qh1# 0-1

[Event "Niedersachsen-ch Seniors op 10th"]
[Site "Bad Bevensen"]
[Date "2007.07.09"]
[Round "7"]
[White "Brockmeyer, Helga"]
[Black "Wesche, Guenther"]
[Result "1-0"]
[WhiteElo "1202"]
[BlackElo "1358"]
[PlyCount "120"]
[EventDate "2007.07.03"]
[EventType "swiss"]
[EventRounds "9"]
[EventCountry "GER"]
[SourceTitle "EXT 2022"]
[Source "ChessBase"]
[SourceDate "2021.10.06"]
[SourceVersion "1"]
[SourceVersionDate "2021.10.06"]
[SourceQuality "1"]

1. d4 g6 2. f4 Bg7 3. e3 e6 4. Nf3 Ne7 5. c3 d6 6. Bd3 Nd7 7. 0-0 0-0 8. Nbd2 b6 9. Ne4 h6 10. Ng3 c5 11. Qc2 f5 12. Bd2 a6 13. Rf2 Bb7 14. Be2 Rc8 15. Raf1 b5 16. a3 b4 17. Qb3 d5 18. axb4 c4 19. Qc2 Ra8 20. Ne5 Nf6 21. Qd1 Bc6 22. Nxc6 Nxc6 23. Qa4 Ne7 24. Qa5 Qxa5 25. bxa5 h5 26. Rf3 h4 27. Nh1 Ne4 28. Be1 Bf6 29. Bd1 Nc6 30. b4 cxb3 31. Bxb3 Nxa5 32. Bc2 Nd6 33. Rh3 Nac4 34. Rff3 a5 35. Bxh4 Bxh4 36. Rxh4 a4 37. Rg3 Kg7 38. Nf2 a3 39. Bb3 a2 40. Bxa2 Rxa2 41. h3 Ra1+ 42. Kh2 Rc1 43. Nd3 Rxc3 44. Nc5 Re8 45. Rh5 Nxe3 46. Kg1 Rc1+ 47. Kf2 Ng4+ 48. hxg4 gxh5 49. gxh5+ Kf7 50. h6 Rxc5 51. Rg7+ Kf8 52. dxc5 Ne4+ 53. Ke3 Nxc5 54. Kd4 Na6 55. Ke5 Nc5 56. Kf6 Ne4+ 57. Kg6 Re7 58. Rxe7 Kxe7 59. h7 d4 60. h8Q d3 1-0

[Event "Niedersachsen-ch Seniors op 10th"]
[Site "Bad Bevensen"]
[Date "2007.07.07"]
[Round "5"]
[White "Redlich, Anita"]
[Black "Brockmeyer, Helga"]
[Result "1/2-1/2"]
[WhiteElo "1327"]
[BlackElo "1202"]
[PlyCount "43"]
[EventDate "2007.07.03"]
[EventType "swiss"]
[EventRounds "9"]
[EventCountry "GER"]
[SourceTitle "EXT 2022"]
[Source "ChessBase"]
[SourceDate "2021.10.06"]
[SourceVersion "1"]
[SourceVersionDate "2021.10.06"]
[SourceQuality "1"]

1. e4 e5 2. Bc4 Nf6 3. d3 Bc5 4. h3 h6 5. a3 a6 6. Nf3 b5 7. Ba2 c6 8. 0-0 0-0 9. b4 Ba7 10. Be3 Bxe3 11. fxe3 d5 12. Nxe5 Re8 13. Ng4 Bxg4 14. hxg4 Re5 15. Rf5 Rxf5 16. gxf5 dxe4 17. d4 Nd5 18. Qe1 Qg5 19. Bxd5 cxd5 20. Nc3 Qxf5 21. Qf2 Qxf2+ 22. Kxf2 1/2-1/2

[Event "Niedersachsen-ch Seniors op 10th"]
[Site "Bad Bevensen"]
[Date "2007.07.06"]
[Round "4"]
[White "Brockmeyer, Helga"]
[Black "Milnikel, Eugen"]
[Result "1/2-1/2"]
[WhiteElo "1202"]
[BlackElo "1368"]
[PlyCount "53"]
[EventDate "2007.07.03"]
[EventType "swiss"]
[EventRounds "9"]
[EventCountry "GER"]
[SourceTitle "EXT 2022"]
[Source "ChessBase"]
[SourceDate "2021.10.06"]
[SourceVersion "1"]
[SourceVersionDate "2021.10.06"]
[SourceQuality "1"]

1. d4 Nf6 2. f4 g6 3. e3 Bg7 4. Nf3 0-0 5. Nbd2 d6 6. h3 Nc6 7. a3 Re8 8. c3 a6 9. Bc4 b5 10. Ba2 e5 11. Ng5 Be6 12. Bxe6 fxe6 13. Qf3 Qd7 14. 0-0 exd4 15. cxd4 Re7 16. b3 Rf8 17. Bb2 d5 18. e4 h6 19. e5 Nh5 20. Qd3 Nxf4 21. Rxf4 Rxf4 22. g3 Rf5 23. Ngf3 Kh7 24. Nh4 Ref7 25. Nxf5 Rxf5 26. Nf3 Nd8 27. Nh4 1/2-1/2

[Event "Niedersachsen-ch Seniors op 10th"]
[Site "Bad Bevensen"]
[Date "2007.07.04"]
[Round "2"]
[White "Brockmeyer, Helga"]
[Black "Schencke, Guenther"]
[Result "0-1"]
[WhiteElo "1202"]
[BlackElo "1689"]
[PlyCount "68"]
[EventDate "2007.07.03"]
[EventType "swiss"]
[EventRounds "9"]
[EventCountry "GER"]
[SourceTitle "EXT 2022"]
[Source "ChessBase"]
[SourceDate "2021.10.06"]
[SourceVersion "1"]
[SourceVersionDate "2021.10.06"]
[SourceQuality "1"]

1. d4 e6 2. e4 d5 3. e5 c5 4. c3 Qb6 5. Nf3 Nc6 6. Nbd2 cxd4 7. c4 Qc7 8. Qa4 Bd7 9. Qc2 Nxe5 10. Nxd4 Nxc4 11. b3 Qe5+ 12. Be2 Qxd4 13. bxc4 Qxa1 14. 0-0 Qf6 15. cxd5 exd5 16. Re1 Ne7 17. Bf3 Rc8 18. Qb3 Bc6 19. Bb2 Qd6 20. Ba3 Qd8 21. Bg4 Rc7 22. Nf3 Bd7 23. Bxd7+ Qxd7 24. Nd4 a6 25. Qf3 Rc4 26. Nf5 Re4 27. Rxe4 dxe4 28. Nd6+ Qxd6 29. Bxd6 exf3 30. gxf3 Nd5 31. Bxf8 Rxf8 32. Kf1 Nf4 33. Ke1 Kd7 34. Kd2 Re8 0-1

[Event "Niedersachsen-ch Seniors op 09th"]
[Site "Bad Bevensen"]
[Date "2006.06.24"]
[Round "2"]
[White "Brockmeyer, Helga"]
[Black "Husfeld, Peter"]
[Result "0-1"]
[WhiteElo "1153"]
[BlackElo "1619"]
[PlyCount "62"]
[EventDate "2006.06.24"]
[EventType "swiss"]
[EventRounds "9"]
[EventCountry "GER"]
[SourceTitle "EXT 2022"]
[Source "ChessBase"]
[SourceDate "2021.10.06"]
[SourceVersion "1"]
[SourceVersionDate "2021.10.06"]
[SourceQuality "1"]

1. d4 d5 2. Nf3 Nf6 3. e3 Bf5 4. Bd3 Bg4 5. Nbd2 e6 6. a3 Nbd7 7. b3 e5 8. Be2 e4 9. Ne5 Bxe2 10. Qxe2 Bd6 11. f4 h5 12. c4 c6 13. c5 Bxe5 14. dxe5 Ng4 15. b4 a5 16. Rb1 Qh4+ 17. g3 Qh3 18. Nf1 axb4 19. axb4 0-0 20. Bb2 Ra2 21. Qd2 Ndxe5 22. fxe5 Nxe5 23. Qe2 Rfa8 24. Nd2 Nd3+ 25. Kd1 Nxb2+ 26. Rxb2 Rxb2 27. Kc1 Rxd2 28. Qxd2 Ra1+ 29. Kc2 Ra2+ 30. Kc3 Rxd2 31. Kxd2 Qg2+ 0-1